000 00573nam a2200193 a 4500
005 20250703063904.0
008 991125s1962 mx 000 0 spa u
035 _aUPN01000012752
049 _aLT
050 4 _aLB1633 M6
_bS3.2 1962
100 1 _aSalinas, Miguel,
_d1858-1938
_929898
245 1 0 _aCuentos, leyendas y poemas :
_bescogidos y anotados /
_cMiguel Salinas
260 _aMéxico :
_b[s.n.],
_c1962
300 _a233 p.
650 4 _aCuentos
_93090
650 4 _aEspañol
_xEstudio y enseñanza (Secundaria)
_97237
650 2 _aLeyendas
_98252
905 _aLibro
999 _c12752
_d12752